1446 1657 1561 1577 1037 1772 1398 1058 1616 1914 1465 1328 1059 1380 1081 1023 1218 1073 1029 1546 1128 1639 1330 1956 1256 1699 1528 1668 1969 1376 1475 1578 1080 1471 1302 1177 1335 1958 1514 1611 1782 1492 1338 1897 1208 1356 1673 1375 1586 1864 1864 1318 1859 1865 1189 1142 1786 1280 1795 1430 1449 1686 1721 1876 1907 1194 1781 1970 1790 1011 1309 1950 1790 1219 1407 1586 1436 1979 1332 1462 1594 1009 1169 1014 1814 1938 1181 1219 1118 1554 1088 1382 1412 1680 1215 1984 1799 1184 1974 BCNSPRNW ULIB Ver.6.0+V

เปลี่ยนเป็นภาษาไทย

Change to English
 แสดงรายละเอียดบรรณานุกรม
  กลับหน้าหลัก

Brief Record : Get Marc (ISO 2709) : E-mail record : QR code < ปิดหน้าต่าง
LEADER : 00000nas 2200000uu 4500
001    13399122390
003     ULIB
008    020711s|||| th a 000 0 tha d
110    สำนักงานสาธารณสุขจังหวัดนครราชสีมา
245    วารสารสาธารณสุขนครราชสีมา(วิทยาเขตนครสวรรค์)/^cสำนักงานสาธารณสุขจังหวัดนครราชสีมา
260    นครราชสีมา :^bสำนักงานสาธารณสุขจังหวัดนครราชสีมา,^cม.ป.ป.
310    ^aรายสองเดือน
850 ^a ULIB:campus^bปีที่ 21 ฉบับที่ 1 ;ปีที่ 21 ฉบับที่ 3 ;ปีที่ 21 ฉบับที่ 5 ;ปีที่ 22 ฉบับที่ 1 ;ปีที่ 22 ฉบับที่ 2
945    ^p0^l0^i800432
945    ^p0^l0^i800588
945    ^p0^l0^i800715
945    ^p0^l0^i800871
945    ^p0^l0^i800917
999    ^aทศพร เกษรทอง
รายการนี้ยังไม่มีแท็ก
คุณยังไม่ได้ล็อกอิน คุณสามารถมีกิจกรรมร่วมกับเว็บไซต์ได้ แต่ต้องล็อกอินก่อน ::
  ล็อกอิน

รายการสื่อสารสนเทศ (วารสาร)

ดูแบบ: กล่อง รายการ
ARRIVED
ปีที่ 21 ฉบับที่ 1
สถานที่: ห้องสมุดวิทยาเขตสวรรค์ประชารักษ์ >วารสาร
ARRIVED
ปีที่ 21 ฉบับที่ 3
สถานที่: ห้องสมุดวิทยาเขตสวรรค์ประชารักษ์ >วารสาร
ARRIVED
ปีที่ 21 ฉบับที่ 5
สถานที่: ห้องสมุดวิทยาเขตนครสวรรค์ >วารสาร
ARRIVED
ปีที่ 22 ฉบับที่ 1
สถานที่: ห้องสมุดวิทยาเขตนครสวรรค์ >วารสาร
ARRIVED
ปีที่ 22 ฉบับที่ 2
สถานที่: ห้องสมุดวิทยาเขตนครสวรรค์ >วารสาร

BibComment


ยังไม่เคยถูกคอมเมนท์

คอมเมนท์ทรัพยากรรายการนี้
  คอมเมนท์: วารสารสาธารณสุขนค..


 Copyright 2026. Bcnsprnw @Library